Statistics for Best NBA 2k YouTuber

Click here to take the quiz!

General Stats

  • This quiz has been taken 2,369 times
  • The average score is 2 of 6

Answer Stats

Hint Answer % Correct
"Come on Cuh"Chris Smoove
74%
Likes the BullsNickTheBullsFan
65%
Does alot of MyTeam ChallengesTroyDanGaming
13%
3 Letters in youtube NameSTG
12%
Number 6StaxMontana
8%
Afro and GlassesKing Gryph
7%

Score Distribution

Percentile by Number Answered

Percent of People with Each Score

Your Score History

You have not taken this quiz